Dose measurement and evaluation of anatomical image quality in computed tomography /
Saved in:
| Main Author: | |
|---|---|
| Format: | Thesis Book |
| Language: | English |
| Published: |
2000.
|
| Subjects: | |
| Tags: |
Add Tag
No Tags, Be the first to tag this record!
|
| LEADER | 00901cam a2200241 a 4500 | ||
|---|---|---|---|
| 001 | u684465 | ||
| 003 | SIRSI | ||
| 008 | 940827s2000 my t 00 1 eng m | ||
| 035 | |a ACL-1729 | ||
| 040 | |a UMP | ||
| 096 | |a WN110 |b UM 2000 Mohpms | ||
| 100 | 0 | 0 | |a Mohd Pauzi Mohd Sobari. |
| 245 | 1 | 0 | |a Dose measurement and evaluation of anatomical image quality in computed tomography / |c Mohd Pauzi Mohd Sobari. |
| 260 | |c 2000. | ||
| 300 | |a xii, 112 leaves : |b ill. ; |c 30 cm. | ||
| 502 | |a Dissertation (M.Med.Phy) -- Department of Radiology, Faculty of Medicine, University of Malaya, 2000. | ||
| 504 | |a Bibliography: p. 66-69. | ||
| 650 | 2 | |a Tomography. | |
| 650 | 2 | |a Anatomy, Cross-Sectional. | |
| 710 | 2 | 0 | |a Universiti Malaya. |b Jabatan Radiologi. |
| 948 | |a 03/07/2000 |b 04/07/2000 | ||
| 596 | |a 2 | ||
| 999 | |a WN110 UM 2000 MOHPMS |w NLM |c 1 |i A503021198 |d 15/6/2005 |f 15/6/2005 |g 1 |l TESIS |m P02MEDKL |r Y |s Y |t TESIS |u 24/5/2005 | ||
